Boomerang Monkey Upgrades (BTD6) - Statistics

General Stats
  • This quiz has been taken 12 times
  • The average score is 9 of 15
Answer Stats
Path Tier Cost (Easy) Cost (Medium) Cost (Hard) Cost (Impoppable) Answer % Correct
Top 2 240$ 280$ 300$ 335$ Glaives
92%
Middle 2 210$ 250$ 270$ 300$ Faster Rangs
83%
Top 5 27,625$ 32,500$ 35,100$ 39,000$ Glaive Lord
83%
Bottom 3 1,100$ 1,300$ 1,400$ 1,560$ Kylie Boomerang
83%
Middle 3 1,060$ 1,250$ 1,565$ 1,500$ Bionic Boomerang
67%
Bottom 5 42,500$ 50,000$ 54,000$ 60,000$ MOAB Domination
67%
Bottom 2 255$ 300$ 325$ 360$ Red Hot Rangs
67%
Bottom 1 85$ 100$ 110$ 120$ Long Range Rangs
58%
Top 4 1,700$ 2,000$ 2,160$ 2,400$ M.O.A.R. Glaives
58%
Middle 5 29,750$ 35,000$ 37,800$ 42,000$ Perma Charge
58%
Middle 1 150$ 175$ 190$ 210$ Faster Throwing
50%
Bottom 4 2,040$ 2,400$ 2,375$ 2,880$ MOAB Press
50%
Top 3 510$ 600$ 650$ 720$ Glaive Richochet
42%
Top 1 170$ 200$ 215$ 240$ Improved Rangs
42%
Middle 4 3,750$ 4,200$ 4,535$ 5,040$ Turbo Charge
42%
No matching quizzes found
Score Distribution
Percent of People with Each Score
Percentile by Number Answered
Your Score History
You have not taken this quiz